The woodpecker and the lion : (Record no. 9830)
[ view plain ]
| 000 -LEADER | |
|---|---|
| fixed length control field | 01345nam a22002657a 4500 |
| 001 - CONTROL NUMBER | |
| control field | 9830 |
| 003 - CONTROL NUMBER IDENTIFIER | |
| control field | FISKH |
| 005 - DATE AND TIME OF LATEST TRANSACTION | |
| control field | 20260303161815.0 |
| 008 - FIXED-LENGTH DATA ELEMENTS--GENERAL INFORMATION | |
| fixed length control field | 260303b cb ||||| |||| 00| 0 eng d |
| 020 ## - INTERNATIONAL STANDARD BOOK NUMBER | |
| International Standard Book Number | 9789833578580 |
| 040 ## - CATALOGING SOURCE | |
| Original cataloging agency | FISKH |
| Language of cataloging | eng |
| Transcribing agency | FISKH |
| Modifying agency | FISKH |
| 082 ## - DEWEY DECIMAL CLASSIFICATION NUMBER | |
| Classification number | 398.2 |
| 100 ## - MAIN ENTRY--PERSONAL NAME | |
| Personal name | Yeoh , S.H. |
| 245 ## - TITLE STATEMENT | |
| Title | The woodpecker and the lion : |
| Remainder of title | Adapted from Jakata tales / |
| Statement of responsibility, etc. | Retold by S.H.Yeoh : Illustrated by Steven She |
| 260 ## - PUBLICATION, DISTRIBUTION, ETC. | |
| Place of publication, distribution, etc. | Malaysia : |
| Name of publisher, distributor, etc. | Future Ace Publishing Sdn Bhd , |
| 300 ## - PHYSICAL DESCRIPTION | |
| Extent | 17 pages : |
| Other physical details | color illustrations ; |
| Dimensions | 19 X 19 cm. |
| 490 ## - SERIES STATEMENT | |
| Series statement | Everlasting Moral Story Series. |
| 505 ## - FORMATTED CONTENTS NOTE | |
| Formatted contents note | O <br/> |
| 520 ## - SUMMARY, ETC. | |
| Summary, etc. | One day, a strong lion was suffering because a bone was stuck in his throat. He was in great pain and could not eat. A small woodpecker saw the lion and bravely offered to help. Even though the lion was powerful and dangerous, the woodpecker trusted him.<br/><br/>The woodpecker carefully went inside the lion’s mouth and removed the bone. The lion felt much better and was saved.<br/><br/>Later, when the woodpecker needed help, he went to the lion. However, the lion refused to help him and said that sparing the woodpecker’s life was already a reward. |
| 521 8# - TARGET AUDIENCE NOTE | |
| Target audience note | 600 <br/> |
| Source | Lexile estimate <br/><br/> |
| 521 8# - TARGET AUDIENCE NOTE | |
| Target audience note | O <br/> |
| Source | Raz-Plus <br/> |
| 700 ## - ADDED ENTRY--PERSONAL NAME | |
| Personal name | She , Steven |
| Relator term | Illustrator |
| 942 ## - ADDED ENTRY ELEMENTS (KOHA) | |
| Source of classification or shelving scheme | Dewey Decimal Classification |
| Koha item type | Books |
| Suppress in OPAC | No |
| Withdrawn status | Lost status | Source of classification or shelving scheme | Damaged status | Not for loan | Collection | Home library | Current library | Shelving location | Date acquired | Total Checkouts | Full call number | Barcode | Date last seen | Price effective from | Koha item type |
|---|---|---|---|---|---|---|---|---|---|---|---|---|---|---|---|
| Dewey Decimal Classification | Juvenile Fiction | Footprints International School Library Network Toul Tom Poung Campus | Footprints International School Library Network Toul Tom Poung Campus | TTP Primary Yellow Bookshelves | 03/03/2026 | YEO 398.2 | FIS04779 | 03/03/2026 | 03/03/2026 | Books |
